00839nam a2200205 a 450000100100000000500170001000800410002704000250006808200170009310000280011024501430013826000680028130000270034949000310037670000410040783000380044804900090048695201210049599900170061600002385720200930022523.0110114s1996 mx r 000 0 spa d aDO-SdBNPbspacBNPHU axxxxxbL581c1 aLeonard, Olen E.94907813aEl cambio económico y social :ben cuatro comunidades del altiplano de bolivia /cOlen E. Leonard ; traducción Alberto Bonifaz Nuño. aMéxico, D. F. :bInstituto Indigenista Interamericano,c1996. axxii, 141 p. ;c19 cm.1 aAntropología social ;v31 aBonifaz Nuño, Alberto,etr.949079 0aAntropología social ;n3949080 aBNGR 001054708MOaGRbGRcCTd2011-01-14iLF1l0oxxxxx L581cp23857-10r2020-06-25w2020-06-25y4ZPréstamo en sala c23353d23353